Score 0/24 Timer 04:00
0 Plays Today
Console Missing Word % Correct
Game ___ AdvanceBoy
92.2%
PlayStation _2/3/4 (Sony has a wonderful imagination)
91.2%
____ 360Xbox
87.3%
________ 3DSNintendo
87.1%
Nintendo Wii _U
83.5%
Xbox ___One
83.4%
Nintendo ___Wii
78.9%
Super Nintendo _____________ SystemEntertainment
77.7%
___________ PortablePlayStation
73.6%
____ SaturnSega
70.7%
Sega Mega _____Drive
50.5%
PlayStation ____Vita
50.5%
Console Missing Word % Correct
Sega ______ SystemMaster
42.6%
Atari ______Jaguar
39.9%
Nokia N-____Gage
35%
_____Grafx-16Turbo
33.2%
Nintendo ______ ComputerFamily
32.2%
Atari ____Lynx
26.9%
Philips ____CD-i
26.6%
Mattel _____________Intellivision
18.6%
_____ CD32Amiga
15.9%
Tapwave ______Zodiac
5.4%
___ Studio IIRCA
5.3%
Mattel ________HyperScan
4%

Today's Daily Dose

You're not logged in!

Compare scores with friends on all Sporcle quizzes.
OR
Log In

Sporcle TV

Today on Sporcle TV


Watch our educational content, quiz creation guides, and fun videos on Sporcle TV.

Show Comments

Extras

Top Quizzes Today


Score Distribution

Paid Content

Your Account Isn't Verified!

In order to create a playlist on Sporcle, you need to verify the email address you used during registration. Go to your Sporcle Settings to finish the process.

Report this User

Report this user for behavior that violates our Community Guidelines.

Details: